000 00666nam a2200289Ia 4500
005 20260324125354.0
008 008 260324s9999 xx 000 0 eng d
020 _a9781315653525
037 _aEBOOK
040 _aCRL
040 _beng
040 _cCRL
041 _2eng
041 _aeng
084 _qCRL
100 _aWayne Hudson
_91177718
245 4 _aThe English Deists
245 0 _bStudies in Early Enlightenment
260 _bTaylor and Francis
260 _c2009
365 _a
365 _b255
856 _uhttp://www.taylorfrancis.com/books/9781315653525
942 _cEBOOK
999 _c1772916
_d1772916